| 000 | 00797nam a2200241Ia 4500 | ||
|---|---|---|---|
| 001 | dia_4257 | ||
| 003 | CHAP | ||
| 005 | 20251029161409.0 | ||
| 008 | 220117s1987 xx 000 0 und d | ||
| 010 | _a174905 | ||
| 040 |
_cCHAP _amxchpua |
||
| 090 | _aFOLLETO 2783 | ||
| 100 |
_aVillanueva Barradas, Juan _9119488 |
||
| 245 |
_aAvances sobre el control y la investigación del amarillamiento letal del cocotero en México / _c Juan Villanueva Barradas |
||
| 260 |
_aMéxico : _b SARH, Instituto nacional de investigaciones forestales y agropecuarias, _c1987 |
||
| 300 | _a19 p. | ||
| 500 | _aD. (Folleto técnico, 1) | ||
| 650 |
_aCoco _924234 |
||
| 901 | _aFOLLETO 2783 | ||
| 902 | _aM | ||
| 905 | _a0000001987 mx 0000000000spa00 | ||
| 942 |
_cFOLL _2local |
||
| 999 |
_c174905 _d174905 |
||